| 000 | 00422nam a22001577a 4500 | ||
|---|---|---|---|
| 003 | OSt | ||
| 005 | 20140310181810.0 | ||
| 008 | 130705t xxu||||| |||| 00| 0 eng d | ||
| 020 | _a9780276442445 | ||
| 050 |
_aPE 1670 _b.Or69 2007 |
||
| 082 |
_2REF 423 _bOr4 2007 |
||
| 245 | _aThe Origins of words and phrases / | ||
| 260 |
_aLondon : _bReader's Digest, _cc2007. |
||
| 300 |
_a382 p. : _c26 cm. |
||
| 942 |
_2lcc _cBK-GR _kREF |
||
| 999 |
_c3909 _d3909 |
||